[Event "World Corporate East E"]
[Site "Chess.com INT"]
[Date "2021.02.19"]
[Round "1.13"]
[White "Lylov, Igor"]
[Black "Cyfka, Karina"]
[Result "0-1"]
[WhiteElo "2305"]
[BlackElo "2415"]
[PlyCount "70"]
[EventDate "2021.02.19"]
[EventType "team (rapid)"]
[EventRounds "7"]
[EventCountry "USA"]
[SourceTitle "EXT 2022"]
[Source "ChessBase"]
[SourceDate "2021.10.06"]
[SourceVersion "1"]
[SourceVersionDate "2021.10.06"]
[SourceQuality "1"]
[WhiteTeam "Moscow Lanit"]
[BlackTeam "Mokate"]
[WhiteTeamCountry "RUS"]
[BlackTeamCountry "POL"]

1. c4 e5 2. Nc3 Nf6 3. g3 d5 4. cxd5 Nxd5 5. Bg2 Nb6 6. Nf3 Nc6 7. 0-0 Be7 8. a3 0-0 9. b4 f6 10. Qb3+ Kh8 11. Bb2 Bg4 12. Qd1 Rb8 13. d3 a5 14. b5 Nd4 15. Nd2 Qd7 16. a4 Bb4 17. f3 Be6 18. Rc1 Nf5 19. Qe1 Ne3 20. Rf2 Bh3 21. Bxh3 Qxh3 22. Nf1 Ned5 23. e4 Ne7 24. Qe3 Qd7 25. Rfc2 Rbc8 26. Kg2 Rfd8 27. Rd1 Qd6 28. Nd2 Qxd3 29. Qxd3 Rxd3 30. Rdc1 c6 31. bxc6 Nxc6 32. Ndb1 Nc4 33. Nd5 Nxb2 34. Rxb2 Rd8 35. Nbc3 Ba3 0-1

[Event "Zhukovsky-chA"]
[Site "Zhukovsky"]
[Date "2010.04.01"]
[Round "5"]
[White "Lylov, Igor"]
[Black "Chapurin, Alexey V"]
[Result "0-1"]
[WhiteElo "2303"]
[BlackElo "2280"]
[PlyCount "116"]
[EventDate "2010.04.01"]
[EventType "swiss"]
[EventRounds "9"]
[EventCountry "RUS"]
[SourceTitle "EXT 2022"]
[Source "ChessBase"]
[SourceDate "2021.10.06"]
[SourceVersion "1"]
[SourceVersionDate "2021.10.06"]
[SourceQuality "1"]

1. c4 c6 2. e3 d5 3. Nf3 Nf6 4. Nc3 g6 5. b3 Bg7 6. Bb2 0-0 7. Qc2 Na6 8. a3 Bf5 9. d3 Re8 10. Ne2 dxc4 11. Qxc4 Bxd3 12. Qc3 e5 13. Rd1 e4 14. Nd2 Qe7 15. g3 Nc5 16. b4 Na4 17. Qb3 Nxb2 18. Qxb2 Nd5 19. Nd4 a5 20. Bxd3 exd3 21. 0-0 axb4 22. axb4 Qxb4 23. Qxb4 Nxb4 24. Rb1 c5 25. Nb5 Ra2 26. Nc4 Rd8 27. Rfd1 Rc2 28. Nca3 Rd7 29. Rb3 Ra2 30. Rbb1 h5 31. Nc4 f5 32. h4 Bf6 33. Nb6 Rd8 34. Nc4 Rc2 35. Nca3 Rb2 36. Rxb2 Bxb2 37. Nc4 Bf6 38. Kg2 Kf8 39. Kf3 Nc6 40. Kf4 Ke7 41. f3 Ra8 42. Nb6 Ra5 43. Nd5+ Kf7 44. Nd6+ Ke6 45. Nxf6 Kxd6 46. Rxd3+ Ke6 47. Ne8 c4 48. Rc3 b5 49. Kg5 Kd5 50. Kxg6 b4 51. Nf6+ Kc5 52. Rc1 b3 53. Kxf5 Kb4+ 54. Ke4 Re5+ 55. Kf4 b2 56. Rb1 c3 57. Ne4 Rxe4+ 58. Kxe4 Kb3 0-1

[Event "Zhukovsky-chA"]
[Site "Zhukovsky"]
[Date "2010.04.01"]
[Round "1"]
[White "Lylov, Igor"]
[Black "Dzhaumutbaev, Erzhan"]
[Result "1/2-1/2"]
[WhiteElo "2303"]
[BlackElo "2076"]
[PlyCount "145"]
[EventDate "2010.04.01"]
[EventType "swiss"]
[EventRounds "9"]
[EventCountry "RUS"]
[SourceTitle "EXT 2022"]
[Source "ChessBase"]
[SourceDate "2021.10.06"]
[SourceVersion "1"]
[SourceVersionDate "2021.10.06"]
[SourceQuality "1"]

1. c4 c5 2. Nc3 Nf6 3. e4 d6 4. f4 Nc6 5. Nf3 Bg4 6. Be2 g6 7. h3 Bxf3 8. Bxf3 Bh6 9. d3 e5 10. f5 Bxc1 11. Qxc1 Nh5 12. 0-0 Nf4 13. Kh2 g5 14. g3 Nxd3 15. Qd2 Ndb4 16. f6 h6 17. Bh5 Nd4 18. Rae1 a6 19. a3 Nbc6 20. Nd5 b5 21. Qd1 Ra7 22. b4 0-0 23. h4 Kh7 24. hxg5 Ne6 25. Bg4 Ncd4 26. Bxe6 Nxe6 27. Qh5 Nxg5 28. Rf5 Rg8 29. Kg2 Rg6 30. Ne7 Rxe7 31. fxe7 Qxe7 32. Qe2 Qe6 33. Rc1 cxb4 34. axb4 Qd7 35. Qd3 bxc4 36. Qxc4 Kg7 37. Qd5 Ne6 38. Kh2 Qa4 39. Rc7 Rf6 40. Rxf6 Kxf6 41. Rc6 Qxb4 42. Rxd6 Qb2+ 43. Qd2 Qxd2+ 44. Rxd2 Ng5 45. Rd6+ Kg7 46. Rxa6 Nxe4 47. Kg2 f6 48. Kf3 Ng5+ 49. Ke3 h5 50. Ra1 Kg6 51. Rh1 Ne6 52. Rf1 Ng5 53. Ra1 Nf7 54. Ra8 Nh6 55. Ke4 Kg5 56. Rh8 f5+ 57. Kf3 e4+ 58. Kg2 Nf7 59. Rg8+ Kf6 60. Re8 Ne5 61. Rh8 Kg5 62. Rg8+ Ng6 63. Kf2 Kf6 64. Kg2 h4 65. gxh4 Nxh4+ 66. Kf2 f4 67. Rg4 Ng6 68. Rg1 Kf5 69. Ra1 e3+ 70. Ke2 Nh4 71. Ra8 Ng6 72. Ra3 Ke4 73. Ra4+ 1/2-1/2

[Event "Zhukovsky-chA"]
[Site "Zhukovsky"]
[Date "2010.04.01"]
[Round "3"]
[White "Lylov, Igor"]
[Black "Poplevin, Alexander"]
[Result "1-0"]
[WhiteElo "2303"]
[BlackElo "2101"]
[PlyCount "75"]
[EventDate "2010.04.01"]
[EventType "swiss"]
[EventRounds "9"]
[EventCountry "RUS"]
[SourceTitle "EXT 2022"]
[Source "ChessBase"]
[SourceDate "2021.10.06"]
[SourceVersion "1"]
[SourceVersionDate "2021.10.06"]
[SourceQuality "1"]

1. c4 c6 2. Nf3 d5 3. e3 e6 4. b3 f5 5. Bb2 Nf6 6. Ne5 Nbd7 7. d4 Bd6 8. Nd2 Qc7 9. f4 0-0 10. Be2 Bb4 11. 0-0 Bxd2 12. Qxd2 Ne4 13. Qc2 Nxe5 14. dxe5 Qe7 15. cxd5 exd5 16. a4 Qh4 17. Bf3 a5 18. Bd4 Qd8 19. Rab1 Re8 20. b4 axb4 21. Rxb4 Re6 22. Bxe4 dxe4 23. Rd1 Qf8 24. Bc5 Qf7 25. Qb2 h6 26. Rbd4 Re8 27. Qb6 Ra6 28. Qb4 Kh7 29. Rd8 b5 30. a5 Be6 31. R1d6 Rxd8 32. Rxd8 Qc7 33. Rd6 Bd5 34. e6 Rxa5 35. Rd7 Ra1+ 36. Kf2 Ra2+ 37. Kg3 Qa5 38. Qd4 1-0

[Event "Zhukovsky-chA"]
[Site "Zhukovsky"]
[Date "2010.04.01"]
[Round "4"]
[White "Medvedev, Vladimir"]
[Black "Lylov, Igor"]
[Result "0-1"]
[WhiteElo "2139"]
[BlackElo "2303"]
[PlyCount "81"]
[EventDate "2010.04.01"]
[EventType "swiss"]
[EventRounds "9"]
[EventCountry "RUS"]
[SourceTitle "EXT 2022"]
[Source "ChessBase"]
[SourceDate "2021.10.06"]
[SourceVersion "1"]
[SourceVersionDate "2021.10.06"]
[SourceQuality "1"]

1. Nf3 g6 2. g3 Bg7 3. Bg2 e5 4. d3 Nc6 5. 0-0 f5 6. e4 Nf6 7. Nc3 0-0 8. Bg5 h6 9. Bxf6 Rxf6 10. Nd5 Rf7 11. Nh4 fxe4 12. Bxe4 g5 13. Nf5 Nd4 14. Nxg7 Rxg7 15. Qh5 c6 16. Qxh6 cxd5 17. Bxd5+ Ne6 18. Rae1 Qe8 19. Rxe5 Qg6 20. Qxg6 Rxg6 21. f4 gxf4 22. Rxf4 d6 23. Rh5 Kg7 24. Rfh4 Nf8 25. Rc4 Bd7 26. Bxb7 Rb8 27. Rc7 Kf6 28. Rh8 Rg7 29. Be4 Rf7 30. Rxa7 Kg7 31. Rh4 Rxb2 32. Rf4 Re7 33. Rf2 Rb1+ 34. Kg2 Bh3+ 35. Kxh3 Rxa7 36. c4 Ra1 37. c5 dxc5 38. Bd5 Nh7 39. g4 Nf6 40. Bc4 Rg1 41. Rf4 0-1

[Event "Zhukovsky op"]
[Site "Zhukovsky"]
[Date "2010.??.??"]
[Round "3"]
[White "Lylov, Igor"]
[Black "Belyaev, Oleg"]
[Result "1-0"]
[WhiteElo "2303"]
[BlackElo "2122"]
[PlyCount "75"]
[EventDate "2010.05.14"]
[EventType "swiss"]
[EventRounds "9"]
[EventCountry "RUS"]
[SourceTitle "EXT 2011"]
[Source "ChessBase"]
[SourceDate "2010.11.26"]
[SourceVersion "1"]
[SourceVersionDate "2010.11.26"]
[SourceQuality "1"]

1. c4 e5 2. Nc3 Nc6 3. g3 g6 4. Bg2 Bg7 5. e4 Nge7 6. f4 d6 7. Nf3 exf4 8. gxf4 Bg4 9. 0-0 Nd4 10. d3 Nxf3+ 11. Bxf3 Bxf3 12. Qxf3 f5 13. exf5 Nxf5 14. Qxb7 0-0 15. Bd2 Qh4 16. Qf3 Rae8 17. Rae1 Bd4+ 18. Kh1 a6 19. b3 Kg7 20. Nd5 Qd8 21. Ba5 Rxe1 22. Rxe1 Rf7 23. Re6 Qa8 24. Qe4 Qd8 25. Qe1 Qa8 26. Re8 Qb7 27. Qe4 c5 28. Qe6 Qc6 29. Rc8 Qb7 30. Bc7 a5 31. Rb8 Qc6 32. Rb6 Qa8 33. Bxd6 Nxd6 34. Rxd6 Rxf4 35. Rd7+ Kh6 36. Qh3+ Kg5 37. Qg3+ Rg4 38. h4+ 1-0

[Event "Zhukovsky op"]
[Site "Zhukovsky"]
[Date "2010.??.??"]
[Round "4"]
[White "Lylov, Igor"]
[Black "Kopylov, Ivan"]
[Result "1-0"]
[WhiteElo "2303"]
[BlackElo "1756"]
[PlyCount "125"]
[EventDate "2010.05.14"]
[EventType "swiss"]
[EventRounds "9"]
[EventCountry "RUS"]
[SourceTitle "EXT 2011"]
[Source "ChessBase"]
[SourceDate "2010.11.26"]
[SourceVersion "1"]
[SourceVersionDate "2010.11.26"]
[SourceQuality "1"]

1. c4 c6 2. e4 d5 3. cxd5 cxd5 4. exd5 Qxd5 5. Nc3 Qd8 6. Nf3 Nf6 7. d4 e6 8. Bc4 Be7 9. 0-0 Nc6 10. Bf4 Nb4 11. Rc1 0-0 12. Qb3 b6 13. Bg5 Nc6 14. Bb5 Na5 15. Qa4 a6 16. Bd3 Bb7 17. Ne5 Nd5 18. Bxe7 Nxe7 19. Rfd1 Nac6 20. Be4 b5 21. Qc2 f5 22. Bxc6 Nxc6 23. Nxb5 Nxe5 24. dxe5 Qg5 25. f4 Qxf4 26. Nd6 Bd5 27. Qc3 Bxa2 28. Rd3 Rab8 29. Rf3 Qb4 30. Rg3 Qxb2 31. Qxb2 Rxb2 32. Rc7 g6 33. Rh3 Bd5 34. Rcxh7 Rxg2+ 35. Kf1 g5 36. Rh8+ Kg7 37. R3h7+ Kg6 38. Rh6+ Kg7 39. R8h7+ Kg8 40. Rc7 Rg4 41. Rg6+ Kh8 42. Rcg7 Rh4 43. Nf7+ Rxf7 44. Rxf7 Rxh2 45. Rxg5 Bc4+ 46. Kg1 Re2 47. Rc7 Bd5 48. Rgg7 Rb2 49. Rh7+ Kg8 50. Rcg7+ Kf8 51. Ra7 Kg8 52. Rhd7 Rb8 53. Rg7+ Kh8 54. Rgf7 Kg8 55. Kf2 a5 56. Ke3 a4 57. Rfc7 a3 58. Kf4 a2 59. Kg5 f4 60. Rg7+ Kf8 61. Raf7+ Ke8 62. Kf6 a1Q 63. Rg8# 1-0

[Event "Zhukovsky op"]
[Site "Zhukovsky"]
[Date "2010.??.??"]
[Round "1"]
[White "Lylov, Igor"]
[Black "Orekhovsky, Vasily"]
[Result "1-0"]
[WhiteElo "2303"]
[BlackElo "2050"]
[PlyCount "65"]
[EventDate "2010.05.14"]
[EventType "swiss"]
[EventRounds "9"]
[EventCountry "RUS"]
[SourceTitle "EXT 2011"]
[Source "ChessBase"]
[SourceDate "2010.11.26"]
[SourceVersion "1"]
[SourceVersionDate "2010.11.26"]
[SourceQuality "1"]

1. c4 c5 2. Nc3 Nc6 3. e3 Nf6 4. d4 e6 5. d5 Ne5 6. f4 Ng6 7. e4 d6 8. Nf3 exd5 9. cxd5 a6 10. a4 Bg4 11. h3 Bxf3 12. Qxf3 Nd7 13. Bd3 Be7 14. Be3 Bf6 15. 0-0 0-0 16. Ra3 Qc7 17. Bb1 b6 18. Qg4 Rfb8 19. h4 Nxh4 20. e5 dxe5 21. d6 Qd8 22. f5 g5 23. Ne4 h6 24. Qh5 Kg7 25. g3 Ng6 26. fxg6 fxg6 27. Qg4 Qe8 28. Ba2 h5 29. Qe6 Ra7 30. Rxf6 Nxf6 31. Qxf6+ Kh6 32. Qxg5+ Kh7 33. Qh6# 1-0

[Event "Zhukovsky op"]
[Site "Zhukovsky"]
[Date "2010.??.??"]
[Round "5"]
[White "Lylov, Igor"]
[Black "Rusakovsky, Oleg"]
[Result "1-0"]
[WhiteElo "2303"]
[BlackElo "1985"]
[PlyCount "37"]
[EventDate "2010.05.14"]
[EventType "swiss"]
[EventRounds "9"]
[EventCountry "RUS"]
[SourceTitle "EXT 2011"]
[Source "ChessBase"]
[SourceDate "2010.11.26"]
[SourceVersion "1"]
[SourceVersionDate "2010.11.26"]
[SourceQuality "1"]

1. c4 e6 2. e4 d5 3. exd5 exd5 4. cxd5 Qxd5 5. Nc3 Qa5 6. Bc4 Qe5+ 7. Nge2 Be6 8. d4 Qf6 9. d5 Bg4 10. 0-0 Bd6 11. Qb3 Bxe2 12. Re1 Ne7 13. Rxe2 Nd7 14. Ne4 Qg6 15. Bd2 0-0 16. Nxd6 Qxd6 17. Bb4 Nc5 18. Qe3 Nxd5 19. Bxd5 1-0

[Event "Zhukovsky op-A"]
[Site "Zhukovsky"]
[Date "2008.11.28"]
[Round "2"]
[White "Lylov, Igor"]
[Black "Marchukov, Dmitriy"]
[Result "1-0"]
[WhiteElo "2293"]
[BlackElo "2108"]
[PlyCount "57"]
[EventDate "2008.11.28"]
[EventType "swiss"]
[EventRounds "9"]
[EventCountry "RUS"]
[SourceTitle "EXT 2022"]
[Source "ChessBase"]
[SourceDate "2021.10.06"]
[SourceVersion "1"]
[SourceVersionDate "2021.10.06"]
[SourceQuality "1"]

1. c4 Nf6 2. b3 e5 3. Bb2 Nc6 4. g3 d6 5. Bg2 Be7 6. Nc3 Bf5 7. e4 Bg4 8. f3 Be6 9. Nge2 Qd7 10. Nd5 0-0 11. 0-0 Ne8 12. f4 f5 13. Nxe7+ Qxe7 14. d4 exd4 15. Nxd4 Nxd4 16. Qxd4 Nf6 17. exf5 Bxf5 18. Bxb7 c5 19. Bd5+ Kh8 20. Qd2 Nxd5 21. Qxd5 Qe3+ 22. Rf2 Bh3 23. Qb7 Rg8 24. Bxg7+ Rxg7 25. Qxa8+ Rg8 26. Qf3 Qe6 27. Qc3+ Rg7 28. Re1 Qd7 29. Rfe2 1-0

[Event "Moscow op-B 04th"]
[Site "Moscow"]
[Date "2008.02.05"]
[Round "4"]
[White "Lylov, Igor"]
[Black "Dubograev, Daniil"]
[Result "0-1"]
[WhiteElo "2272"]
[BlackElo "2147"]
[PlyCount "54"]
[EventDate "2008.02.02"]
[EventType "swiss"]
[EventRounds "9"]
[EventCountry "RUS"]
[SourceTitle "CBM 122 Extra"]
[Source "ChessBase"]
[SourceDate "2008.03.04"]
[SourceVersion "1"]
[SourceVersionDate "2008.03.04"]
[SourceQuality "1"]

1. c4 e6 2. e4 d5 3. cxd5 exd5 4. exd5 Nf6 5. Nc3 Nxd5 6. d4 Bb4 7. Nge2 0-0 8. Qd3 Nc6 9. Bd2 Ba5 10. a3 Re8 11. 0-0-0 a6 12. Ng3 b5 13. Be2 Be6 14. Nce4 Bxd2+ 15. Qxd2 b4 16. a4 Na5 17. Nc5 Qf6 18. Bf3 Nc4 19. Qc2 Qf4+ 20. Kb1 Nd6 21. Rhe1 Rab8 22. Re5 c6 23. Nxe6 fxe6 24. Qxc6 Rec8 25. Qxd6 Nc3+ 26. bxc3 bxc3+ 27. Qxb8 c2+ 0-1

[Event "Moscow op-B 04th"]
[Site "Moscow"]
[Date "2008.02.04"]
[Round "3"]
[White "Radomsky, Viacheslav G"]
[Black "Lylov, Igor"]
[Result "1-0"]
[WhiteElo "2176"]
[BlackElo "2272"]
[PlyCount "194"]
[EventDate "2008.02.02"]
[EventType "swiss"]
[EventRounds "9"]
[EventCountry "RUS"]
[SourceTitle "CBM 122 Extra"]
[Source "ChessBase"]
[SourceDate "2008.03.04"]
[SourceVersion "1"]
[SourceVersionDate "2008.03.04"]
[SourceQuality "1"]

1. c4 Nf6 2. Nc3 g6 3. g3 Bg7 4. Bg2 0-0 5. d4 d6 6. Nf3 Nbd7 7. 0-0 e5 8. Qc2 Ng4 9. Rd1 exd4 10. Nxd4 Nc5 11. h3 Ne5 12. b3 Ne6 13. Be3 Nxd4 14. Bxd4 Bf5 15. e4 Bd7 16. f4 Nc6 17. Bxg7 Kxg7 18. Nd5 f6 19. Qc3 h6 20. c5 dxc5 21. e5 fxe5 22. fxe5 Nd4 23. Qxc5 Ne2+ 24. Kh2 Qg5 25. Qe3 Qxe3 26. Nxe3 Bb5 27. a4 Ba6 28. Rd7+ Rf7 29. Rad1 Re8 30. e6 Rxe6 31. Rxf7+ Kxf7 32. Bd5 c5 33. Ng4 h5 34. Ne5+ Ke7 35. Bxe6 Kxe6 36. Nxg6 Nd4 37. Nf4+ Ke5 38. Re1+ Kf5 39. Re3 h4 40. Nd5 hxg3+ 41. Kxg3 Be2 42. Nc3 Ba6 43. Ne4 b6 44. Nd2 Kf6 45. Re8 Bb7 46. Rd8 Ke7 47. Rh8 Bd5 48. Rh7+ Bf7 49. Kf4 Kf6 50. Rh6+ Ke7 51. a5 bxa5 52. Ra6 Nxb3 53. Rxa7+ Ke8 54. Nxb3 Bxb3 55. Rxa5 Kf7 56. Rxc5 Ba2 57. Kg5 Bb1 58. Kh6 Bd3 59. Rg5 Bb1 60. h4 Bd3 61. Rg7+ Kf8 62. Rg3 Bb1 63. Rb3 Bc2 64. Rb2 Bd3 65. Rb7 Kg8 66. Rg7+ Kf8 67. Rd7 Bc2 68. Kg5 Bb1 69. Rb7 Bd3 70. Kf6 Kg8 71. Rg7+ Kh8 72. Rg5 Bb1 73. Kf7 Ba2+ 74. Kg6 Bb1+ 75. Kh6 Ba2 76. Ra5 Bc4 77. Ra8+ Bg8 78. Kg5 Kh7 79. Ra7+ Kh8 80. h5 Bd5 81. Rd7 Be4 82. Kf6 Bb1 83. Rg7 Bd3 84. Rg6 Kh7 85. Rg3 Bb1 86. Rb3 Bc2 87. Rc3 Bb1 88. Kg5 Kg7 89. Rc7+ Kg8 90. h6 Kh8 91. Rd7 Bc2 92. Rg7 Bb1 93. Kf6 Bc2 94. Kf7 Bb3+ 95. Kf8 Bc2 96. Ke7 Bb1 97. Kf6 Bc2 1-0

[Event "Zhukovsky Naukograd Rating-A"]
[Site "Zhukovsky"]
[Date "2007.??.??"]
[Round "6"]
[White "Lylov, Igor"]
[Black "Petukhov, Rodion"]
[Result "1/2-1/2"]
[WhiteElo "2265"]
[BlackElo "2269"]
[PlyCount "44"]
[EventDate "2007.04.01"]
[EventType "tourn"]
[EventRounds "11"]
[EventCountry "RUS"]
[SourceTitle "EXT 2022"]
[Source "ChessBase"]
[SourceDate "2021.10.06"]
[SourceVersion "1"]
[SourceVersionDate "2021.10.06"]
[SourceQuality "1"]

1. c4 e5 2. Nc3 Bb4 3. e4 Nf6 4. Nge2 0-0 5. g3 Bc5 6. h3 Nc6 7. Bg2 d6 8. 0-0 Be6 9. d3 Nd7 10. Kh2 Nd4 11. f4 f6 12. Nxd4 Bxd4 13. Nb5 Bb6 14. b3 c6 15. Nxd6 Nc5 16. Nf5 Bxf5 17. exf5 Nxd3 18. fxe5 Nxe5 19. Ba3 Re8 20. Qh5 Qd2 21. Rfd1 Qc2 22. Rdc1 Qd2 1/2-1/2

[Event "Zhukovsky Naukograd Rating-A"]
[Site "Zhukovsky"]
[Date "2007.??.??"]
[Round "2"]
[White "Medvedev, Vladimir"]
[Black "Lylov, Igor"]
[Result "1-0"]
[WhiteElo "2093"]
[BlackElo "2265"]
[PlyCount "82"]
[EventDate "2007.04.01"]
[EventType "tourn"]
[EventRounds "11"]
[EventCountry "RUS"]
[SourceTitle "EXT 2022"]
[Source "ChessBase"]
[SourceDate "2021.10.06"]
[SourceVersion "1"]
[SourceVersionDate "2021.10.06"]
[SourceQuality "1"]

1. d4 g6 2. e4 Bg7 3. Nc3 d6 4. Bg5 h6 5. Be3 f5 6. exf5 Bxf5 7. Bd3 Nf6 8. Nge2 Qd7 9. Nf4 Kf7 10. h3 g5 11. Bc4+ e6 12. Nh5 Qc6 13. Nxf6 Qxg2 14. Qh5+ Kxf6 15. 0-0-0 Qc6 16. Bxe6 Bxe6 17. d5 Qe8 18. Bd4+ Ke7 19. Qe2 Bxd4 20. Rxd4 Kd8 21. Re4 Bxd5 22. Nxd5 Qf7 23. Re1 Nc6 24. Ne7 Ne5 25. f4 Kxe7 26. fxe5 d5 27. e6 Qf5 28. Re5 Qf4+ 29. Kb1 Qc4 30. Qh5 Raf8 31. Qg6 Qc6 32. Qg7+ Ke8 33. Rf5 Rxf5 34. Qxh8+ Rf8 35. Qg7 Rf2 36. Qg6+ Ke7 37. Qh7+ Kd6 38. e7 Qe8 39. Qxh6+ Kc5 40. Qxg5 Qf7 41. Qe3+ Kc6 1-0

[Event "Zhukovsky Naukograd Rating-A"]
[Site "Zhukovsky"]
[Date "2007.??.??"]
[Round "9"]
[White "Smirnov, Yury Vladimirovic"]
[Black "Lylov, Igor"]
[Result "1-0"]
[WhiteElo "2361"]
[BlackElo "2265"]
[PlyCount "75"]
[EventDate "2007.04.01"]
[EventType "tourn"]
[EventRounds "11"]
[EventCountry "RUS"]
[SourceTitle "EXT 2022"]
[Source "ChessBase"]
[SourceDate "2021.10.06"]
[SourceVersion "1"]
[SourceVersionDate "2021.10.06"]
[SourceQuality "1"]

1. e4 g6 2. d4 Bg7 3. Nc3 d6 4. f4 c6 5. Nf3 Qc7 6. Be3 b5 7. a3 Nd7 8. Bd3 a6 9. 0-0 Ngf6 10. h3 e5 11. fxe5 dxe5 12. Qe1 0-0 13. Qh4 Re8 14. Ne2 exd4 15. Bh6 c5 16. Bf4 Qd8 17. c4 dxc3 18. Nxc3 c4 19. Bc2 Nh5 20. Bg5 Qb6+ 21. Kh1 h6 22. Bxh6 Bxh6 23. g4 Qf6 24. gxh5 Qxh4 25. Nxh4 gxh5 26. Nd5 Bb7 27. Nf5 Bd2 28. Nd6 Bxd5 29. Nxe8 Rxe8 30. exd5 Re2 31. Bf5 Ne5 32. d6 Kf8 33. Rad1 Ke8 34. Rg1 Kf8 35. Rg2 Rxg2 36. Kxg2 Ba5 37. Rd5 Nc6 38. Bc8 1-0

[Event "RUS-ch U18"]
[Site "Rybinsk"]
[Date "2001.??.??"]
[Round "9"]
[White "Lylov, Igor"]
[Black "Isaev, Magomed"]
[Result "1-0"]
[WhiteElo "2244"]
[BlackElo "2321"]
[PlyCount "51"]
[EventDate "2001.02.??"]
[EventType "swiss"]
[EventRounds "10"]
[EventCountry "RUS"]
[SourceTitle "EXT 2002"]
[Source "ChessBase"]
[SourceDate "2001.11.25"]
[SourceVersion "1"]
[SourceVersionDate "2001.11.25"]
[SourceQuality "1"]

1. c4 Nf6 2. g3 g6 3. Bg2 d5 4. cxd5 Nxd5 5. Nc3 Nb6 6. d4 Bg7 7. e3 0-0 8. Nge2 c6 9. 0-0 e5 10. b3 exd4 11. exd4 Bg4 12. Ba3 Re8 13. Qd2 N8d7 14. Nf4 Nf6 15. Rfe1 Qd7 16. h3 Be6 17. Nxe6 Rxe6 18. Rxe6 Qxe6 19. Re1 Qd7 20. Re7 Qd8 21. Qf4 Nbd7 22. Ne4 h6 23. Nxf6+ Nxf6 24. Rxb7 a5 25. Bxc6 Rc8 26. d5 1-0

[Event "Moscow Region-ch"]
[Site "Dubna"]
[Date "2001.??.??"]
[Round "8"]
[White "Lylov, Igor"]
[Black "Ovechkin, Igor V"]
[Result "0-1"]
[WhiteElo "2251"]
[BlackElo "2334"]
[PlyCount "88"]
[EventDate "2001.??.??"]
[EventType "swiss"]
[EventRounds "9"]
[EventCountry "RUS"]
[SourceTitle "EXT 2006"]
[Source "ChessBase"]
[SourceDate "2005.11.24"]
[SourceVersion "1"]
[SourceVersionDate "2005.11.24"]
[SourceQuality "1"]

1. c4 g6 2. g3 c5 3. Bg2 Bg7 4. Nc3 Nc6 5. e3 d6 6. Nge2 e5 7. Rb1 Nge7 8. a3 Be6 9. Nd5 0-0 10. b4 cxb4 11. axb4 Bxd5 12. cxd5 Nb8 13. 0-0 Nd7 14. d4 Nc8 15. Bb2 Ncb6 16. dxe5 Nxe5 17. Nd4 a6 18. Ba1 Qd7 19. f4 Nec4 20. Qd3 a5 21. bxa5 Rxa5 22. Bc3 Ra4 23. Nb5 Qe7 24. Bxg7 Kxg7 25. Qd4+ Kg8 26. Nc3 Ra6 27. Rfe1 Na3 28. Rxb6 Nc2 29. Qd2 Nxe1 30. Rxa6 Nxg2 31. Rb6 Nxe3 32. Qd4 Nf5 33. Qd3 Qe1+ 34. Kg2 Re8 35. Rb1 Re3 36. Rxe1 Rxd3 37. Ne4 Kg7 38. Rb1 Rxd5 39. Rxb7 h6 40. g4 Nd4 41. g5 hxg5 42. fxg5 Ne6 43. h4 Rd4 44. Kf3 Rxe4 0-1

[Event "RUS-ch U18"]
[Site "Rybinsk"]
[Date "2001.??.??"]
[Round "7"]
[White "Lylov, Igor"]
[Black "Sultangareev, Marat"]
[Result "0-1"]
[WhiteElo "2244"]
[BlackElo "2299"]
[PlyCount "82"]
[EventDate "2001.02.??"]
[EventType "swiss"]
[EventRounds "10"]
[EventCountry "RUS"]
[SourceTitle "EXT 2002"]
[Source "ChessBase"]
[SourceDate "2001.11.25"]
[SourceVersion "1"]
[SourceVersionDate "2001.11.25"]
[SourceQuality "1"]

1. c4 Nf6 2. g3 c5 3. Bg2 d5 4. cxd5 Nxd5 5. Nc3 Nc7 6. a3 g6 7. d3 Bg7 8. Qc2 Ne6 9. e3 0-0 10. Nge2 Qd7 11. 0-0 Nc6 12. Rb1 Rd8 13. Rd1 Nf8 14. b4 cxb4 15. axb4 Rb8 16. b5 Na5 17. Ba3 Ne6 18. Nd5 Bf8 19. b6 axb6 20. Nxb6 Qc7 21. Qa4 Nc6 22. d4 Ng5 23. d5 Bf5 24. e4 Bg4 25. dxc6 Bxe2 26. Rdc1 bxc6 27. Rxc6 Qb7 28. Rcc1 Bf3 29. Re1 Rd3 30. Bc1 Bxg2 31. Bxg5 Bf3 32. Qc2 Bxe4 33. f3 Re3 34. fxe4 Rxe1+ 35. Rxe1 Qxb6+ 36. Be3 Qe6 37. Bd4 Bh6 38. Qf2 Ra8 39. Re2 Qc6 40. h3 Bf8 41. Kh2 Ra4 0-1

[Event "Moscow Region-ch"]
[Site "Dubna"]
[Date "2001.??.??"]
[Round "3"]
[White "Shamchuk, Leonid"]
[Black "Lylov, Igor"]
[Result "1-0"]
[WhiteElo "2393"]
[BlackElo "2251"]
[PlyCount "53"]
[EventDate "2001.??.??"]
[EventType "swiss"]
[EventRounds "9"]
[EventCountry "RUS"]
[SourceTitle "EXT 2006"]
[Source "ChessBase"]
[SourceDate "2005.11.24"]
[SourceVersion "1"]
[SourceVersionDate "2005.11.24"]
[SourceQuality "1"]

1. d4 g6 2. e4 Bg7 3. Nf3 d6 4. Bc4 Nc6 5. 0-0 e5 6. dxe5 dxe5 7. Qe2 Bg4 8. c3 Qe7 9. b4 0-0-0 10. Nbd2 f5 11. b5 Na5 12. Bxg8 Rhxg8 13. Nb3 Nxb3 14. axb3 Kb8 15. Qa2 a6 16. bxa6 b6 17. a7+ Ka8 18. Qa4 Qd7 19. Qc4 f4 20. Ng5 b5 21. Qc5 Be2 22. Re1 Rge8 23. Bb2 Bd3 24. c4 bxc4 25. bxc4 Bf8 26. Qa5 Bd6 27. Qd5+ 1-0

[Event "RUS-ch U18"]
[Site "Rybinsk"]
[Date "2001.??.??"]
[Round "8"]
[White "Utnasunov, Alexander"]
[Black "Lylov, Igor"]
[Result "1-0"]
[WhiteElo "2291"]
[BlackElo "2244"]
[PlyCount "65"]
[EventDate "2001.02.??"]
[EventType "swiss"]
[EventRounds "10"]
[EventCountry "RUS"]
[SourceTitle "EXT 2002"]
[Source "ChessBase"]
[SourceDate "2001.11.25"]
[SourceVersion "1"]
[SourceVersionDate "2001.11.25"]
[SourceQuality "1"]

1. d4 Nf6 2. c4 g6 3. Nc3 Bg7 4. e4 d6 5. f3 0-0 6. Be3 Nc6 7. Nge2 e5 8. d5 Ne7 9. Qd2 c5 10. g4 Ne8 11. Ng3 f5 12. gxf5 gxf5 13. exf5 Nxf5 14. Nxf5 Bxf5 15. 0-0-0 Bg6 16. h4 Bh5 17. Be2 Qd7 18. Rdg1 Kh8 19. Rg3 Nf6 20. Rhg1 Rg8 21. Bg5 Bg6 22. Bd3 Nh5 23. Bxg6 Nxg3 24. Rxg3 hxg6 25. h5 gxh5 26. Qh2 Qf7 27. Ne4 Rgf8 28. Rh3 Kg8 29. Qg2 Qg6 30. Rg3 Kh7 31. Bd2 Rf6 32. Rxg6 Rxg6 33. Qh3 1-0

[Event "Moscow Petrosian Memorial U18"]
[Site "Moscow"]
[Date "1998.??.??"]
[Round "?"]
[White "Lylov, Igor"]
[Black "Maitesian, Sergei"]
[Result "0-1"]
[WhiteElo "2130"]
[BlackElo "2175"]
[PlyCount "106"]
[EventDate "1998.??.??"]
[EventType "swiss"]
[EventRounds "9"]
[EventCountry "RUS"]
[SourceTitle "EXT 1999"]
[Source "ChessBase"]
[SourceDate "1998.11.16"]
[SourceVersion "1"]
[SourceVersionDate "1998.11.16"]
[SourceQuality "1"]

1. c4 c6 2. Nc3 Nf6 3. e4 e5 4. Nf3 d6 5. d4 Nbd7 6. Bg5 Be7 7. Qd2 0-0 8. 0-0-0 a6 9. h3 b5 10. d5 b4 11. Na4 Nxe4 12. Bxe7 Qxe7 13. Qc2 cxd5 14. Kb1 Bb7 15. Bd3 Nef6 16. cxd5 Rfc8 17. Qb3 Bxd5 18. Qxb4 e4 19. Rhe1 Qf8 20. Bxe4 Rc4 21. Qxc4 Bxc4 22. Bxa8 Qxa8 23. Rxd6 h6 24. Red1 Qe4+ 25. Ka1 Qc2 26. Nc3 Qxf2 27. Rc6 Qxg2 28. Rc8+ Kh7 29. Nh4 Qxh3 30. Rxc4 g5 31. Ra4 gxh4 32. Rxa6 Qf3 33. Rad6 h3 34. R6d3 Qh5 35. Rh1 h2 36. Rd2 Ng4 37. Rxd7 Nf2 38. Rxf7+ Qxf7 39. Rxh2 Ng4 40. Rd2 h5 41. a4 h4 42. Rd4 Qe6 43. Nd5 h3 44. Rxg4 Qe1+ 45. Ka2 Kh6 46. Rg8 Qe5 47. Nf4 h2 48. Rg3 h1Q 49. Rh3+ Qxh3 50. Nxh3 Qe6+ 51. Ka3 Qxh3+ 52. Kb4 Kg6 53. a5 Kf6 0-1